Miasta i wsie powiatu Legionowskiego - Statystyki

Ogólne statystyki
  • Ten quiz został rozwiązany 42 razy
  • Średni wynik to 21 z 66
Statystyki odpowiedzi
Hint Odpowiedź % Poprawnych
Wieś/Gmina Nieporęt
86%
Wieś/Gmina Wieliszew
86%
Miasto Legionowo
83%
Miasto Serock
83%
Wieś/Gmina Jabłonna
79%
Wieś Zegrze
66%
Wieś Chotomów
55%
Wieś Dębe
55%
Wieś Łajski
55%
Wieś Rajszew
52%
Wieś Zegrze Południowe
52%
Wieś Góra
48%
Wieś Skrzeszew
48%
Wieś Jachranka
45%
Wieś Komornica
45%
Wieś Olszewnica Stara
45%
Wieś Stanisławów Pierwszy
45%
Wieś Kąty Węgierskie
41%
Wieś Olszewnica Nowa
41%
Wieś Stanisławów Drugi
41%
Wieś Borowa Góra
38%
Wieś Dąbrowa Chotomowska
38%
Wieś Jadwisin
38%
Wieś Józefów
38%
Wieś Krubin
38%
Wieś Topolina
38%
Wieś Boża Wola
31%
Wieś Janówek Drugi
31%
Wieś Rembelszczyzna
31%
Wieś Sikory
31%
Wieś Skierdy
31%
Wieś Skubianka
31%
Wieś Stasi Las
31%
Wieś Aleksandrów
28%
Wieś Dosin
28%
Wieś Izabelin
28%
Wieś Izbica
28%
Wieś Kałuszyn
24%
Wieś Rynia
24%
Wieś Trzciany
24%
Wieś Bagno
21%
Wieś Michałów Grabina
21%
Wieś Nowa Wieś
21%
Wieś Poddębie
21%
Wieś Suchocin
21%
Wieś Cupel
17%
Wieś Kania Polska
17%
Wieś Marynino
17%
Wieś Wierzbica
17%
Wieś Wola Aleksandra
17%
Wieś Wola Kiełpińska
17%
Wieś Wólka Radzymińska
17%
Wieś Bolesławowo
14%
Wieś Kania Nowa
14%
Wieś Łacha
14%
Wieś Szadki
14%
Wieś Gąsiorowo
10%
Wieś Ludwinowo Dębskie
10%
Wieś Ludwinowo Zegrzyńskie
10%
Wieś Wola Smolana
10%
Wieś Zabłocie
10%
Wieś Michałów Regionów
7%
Wieś Stanisławowo
7%
Wieś Zalesie Borowe
3%
Wieś Dębinki
0%
Wieś Janówek Perwszy
0%
Nie znaleziono quizów pasujących do podanych kryteriów
Rozkład punktacji
Procent ludzi z każdym wynikiem
Percentyl według liczby udzielonych odpowiedzi
Twoja historia wyników
Nie rozwiązałeś tego quizu